Vista normal
Vista MARC
Entrada Nombre personal
Número de registros utilizados en: 1
001 - NÚMERO DE CONTROL
- Campo de control: 45114
003 - IDENTIFICADOR DE NÚMERO DE CONTROL
- Campo de control: OSt
005 - FECHA Y HORA DE LA ULTIMA MODIFICACION
- Campo de control: 20210424114305.0
008 - ELEMENTOS DE DATOS DE LONGITUD FIJA
- Campo de longitud fija: 210424|| aca||aabn | a|a d
040 ## - FUENTE DE LA CATALOGACIÓN
- Agencia original de catalogación: OSt
100 1# - ENCABEZAMIENTO--NOMBRE DE PERSONA
- Nombre personal: Sánchez Gutiérrez, Edgardo Mauricio
670 ## - FUENTE DE DATOS ENCONTRADOS
- Fuente de citación: Investigación, Plan estratégico para la tecnificación en las funciones de supervisión en la empresa TDM, S.A. de C.V., dedicada a la comercialización de productos y servicios de telefonía móvil.
670 ## - FUENTE DE DATOS ENCONTRADOS
- Fuente de citación: BMC.- 24-04-2021